Ťažko byť na Slovensku prezidentom

Bibliographic Details
Main Author: Jancura, Vladimír, 1948- (Author)
Format: Article
Language:Slovak
ISSN:1335-4051
Subjects:

MARC

LEADER 00000nab a2200000 a 4500
001 vtls000726718
003 SK-MaSNL
005 20260305035747.0
008 180206c2000 xo 0 slo
015 |a SNBRB2000/07-18710 
035 |a CLN000078874 
040 |a SNKBUCL  |b slo  |c SNKBUCL  |e AACR2 
041 0 |a slo 
044 |a xo  |c SK 
080 |a 323(437.6):342.511  |2 UDC-MRF-SK2 
080 |a 342.511(437.6)  |2 UDC-MRF-SK2 
080 |a 32-051  |2 UDC-MRF-SK2 
100 1 |a Jancura, Vladimír,  |d 1948-  |4 aut  |9 264957 
245 1 0 |a Ťažko byť na Slovensku prezidentom  |c Vladimír Jancura 
610 1 7 |a Slovensko.  |b Prezident (1999-2004 : Schuster)  |2 snkbucl  |9 97532 
655 7 |a články z novín a časopisov  |2 snkbucl  |9 267496 
773 0 |x 1335-4051  |t Pravda  |g Roč. 10, č. 136 (14.6.2000), s. 6 
850 |a Slovenská národná knižnica v Martine 
852 |a SNK  |b KIS3GCP 
958 |a RBX 
999 |c 3335399  |d 3337329